000 00312 a2200121 4500
000 nam a22 7a 4500
005 20260206114513.0
020 _a9789348650047
100 _aAnand Kumar Singh
_91114127
245 _aVivekanand (Delux Edition Color)
260 _bNayee Kitab Prakashan
_c2025
942 _cTEXL
999 _c1678781
_d1678781